VLSI FOR WIRELESS COMMUNICATION (Record no. 23171)

000 -LEADER
fixed length control field 00252nam a22001217a 4500
003 - CONTROL NUMBER IDENTIFIER
control field Nust
005 - DATE AND TIME OF LATEST TRANSACTION
control field 20170410155716.0
008 - FIXED-LENGTH DATA ELEMENTS--GENERAL INFORMATION
fixed length control field 170320b xxu||||| |||| 00| 0 eng d
020 ## - INTERNATIONAL STANDARD BOOK NUMBER
International Standard Book Number 812970403X
040 ## - CATALOGING SOURCE
Original cataloging agency DLC
Language of cataloging DLC
Transcribing agency RCMS
082 ## - DEWEY DECIMAL CLASSIFICATION NUMBER
Classification number 621.39 LEU
100 ## - MAIN ENTRY--PERSONAL NAME
Personal name LEUNG BOSCO
245 ## - TITLE STATEMENT
Title VLSI FOR WIRELESS COMMUNICATION
260 ## - PUBLICATION, DISTRIBUTION, ETC.
Place of publication, distribution, etc. INDIA
Name of publisher, distributor, etc. PEARSON
Date of publication, distribution, etc. c2002
300 ## - PHYSICAL DESCRIPTION
Extent xviii,366 p :
Other physical details ill:
Dimensions 26,cm.
538 ## - SYSTEM DETAILS NOTE
Display text Shelf # 15, Row # 1, Communication.
650 ## - SUBJECT ADDED ENTRY--TOPICAL TERM
Topical term or geographic name entry element Integrated circuits -- Very large scale integration -- Design and construction. Wireless communication systems -- Design and construction. Radio circuits -- Design and construction.
856 ## - ELECTRONIC LOCATION AND ACCESS
Materials specified Table of Content Only
942 ## - ADDED ENTRY ELEMENTS (KOHA)
Koha item type Book
Source of classification or shelving scheme
Call number prefix 621.39 LEU
Holdings
Withdrawn status Lost status Damaged status Not for loan Permanent Location Current Location Shelving location Date acquired Total Checkouts Full call number Barcode Date last seen Date last checked out Price effective from Koha item type
        NUST Baluchistan Campus (NBC) NUST Baluchistan Campus (NBC) General Stacks 03/04/2013 1 621.39LEU RCMS000294 09/04/2014 09/04/2014 01/05/2017 Book
© 2023 Central Library, National University of Sciences and Technology. All Rights Reserved.